• 首页
  • 本馆介绍
  • 公告通知
  • 最新文献
  • 馆藏检索
  • 电子资源
  • 读者导购
  • 参考咨询
  • 我的图书馆
  • 登录
  • 详细信息显示
  • 放入我的书架
  • 预约/预借图书
  • 作者相关作品
  • 分类相关作品
  • 丛书相关作品
  • 出版社相关作品

书目信息

  • 表格格式
  • 工作单格式
  • 卡片格式
题名:
心理测验
    
 
作者: 彭凯平 编著
分册:  
出版信息: 北京   华夏出版社  1989
页数: 443页
开本: 20cm
丛书名:
单 册:
中图分类: B841.7 , B84
科图分类: 59.8054
主题词: 心理测验 , 心理学
电子资源:
ISBN: 7-80053-375-1
000 00738nam0 2200265 45
001 1236470802
005 20120928101022.34
010    @a7-80053-375-1@dCNY6.60
020    @aCN@b89017013
100    @a19910513d1989 m y0chiy0120 ea
101 0  @achi
102    @aCN@b110000
105    @ay z 000yy
200 10 @a心理测验@Axin li ce yan@e原理与实践@Eyuan li yu shi jian@f彭凯平编著@Fpeng kai ping bian zhu
210    @a北京@c华夏出版社@d1989
215    @a443页@d20cm
540 1  @a心理 测验@Axin li ce yan
606 0  @a心理测验
606 0  @a心理学
690    @aB841.7@v1980
690    @aB84@v4
692    @a59.8054@v1974
701  0 @a彭凯平@Apeng kai ping@4编著
801  0 @aCN@bTSSF@c19910513
905    @a10447@dB84@eJY23
    
    心理测验:原理与实践/彭凯平编著.-北京:华夏出版社,1989
    443页;20cm
    
    
    ISBN 7-80053-375-1:CNY6.60
    
●
相关链接 在E读中查询图书 在五车中查询图书 在当当中查询图书 在豆瓣中查询图书


正题名:心理测验     索取号:B84/JY23         预约/预借

序号 登录号 条形码 馆藏地/架位号 状态 备注
1 7830014   278300143   学院路分馆/ [索取号:B84/JY23] 在馆    
2 7830015   278300152   学院路分馆/ [索取号:B84/JY23] 在馆    
唐山师范学院图书馆 欢迎您!
大连网信软件有限公司© 版权所有